[Event "World Championship Match"]
[Site "Reykjavik (Iceland)"]
[Date "1972.07.23"]
[Round "6"]
[White "Bobby Fischer (USA)"]
[Black "Boris Spassky (FRA)"]
[Result "1-0"]
[WhiteElo "2785"]
[BlackElo "2660"]
[Annotator "Eric Schiller"]
[Source ""]
[Remark "weak pawns"]

1.c4 {Fischer was a devotee of 1.e4 and rarely strayed. For}
{his World Championship challenge he decided to use} {the English Opening.}
e6 {This defense, sometimes known as the Agincout} {Defense, is used by Black to more or less force the}
{game into a standard Queen's Gambit Declined. Black} {will next advance the pawn to d5. White usually puts a}
{pawn at d4 to prevent the Black pawn from advancing} {further.}
2.Nf3 {After 2.d4, Fischer would have many choices. He could}
{have switched back to a Nimzo-Indian approach with} {2...Nf6, perhaps later switching to a Benoni (...c5) or}
{Queen's Gambit (...d5). It is unlikely that the Kangaroo} {(2...Bb4+) would have hopped on the World}
{Championship board, but we'll never know.} d5 3.d4 {So, the Queen's Gambit it is.}
Nf6 {Fischer was not a fan of Tarrasch's 3...c5.} 4.Nc3 Be7 5.Bg5
O-O 6.e3 {The game follows the traditional pattern. Both sides}
{develop their forces quckly, not aiming for early attacks} {against the enemy king.}
{} h6 {A useful move, because it not only kicks out an enemy}
{invader, but also makes a little escape square for the} {king.}
7.Bh4 {Fischer liked bishops and was not inclined to exchange}
{his for the knight at f6.} b6 {Savielly Tartakower's plan, which has been a major}
{defensive plan for a long time. Black will fianchetto the} {bishop at b7, and then can open a line for the bishop by}
{exchanging his pawn at d5 for the White pawn at c4.} 8.cxd5
{} Nxd5 {Black captures with the knight, because it will be able to}
{get out of the way, once the bishop lands at b7.} 9.Bxe7 {This exchange foils Black's strategy, to some extent.}
Qxe7 {Capturing with the knight is considered inferior.}
( 9...Nxe7 10.Bd3 Bb7 11.Rc1 {!} {leaves Black with some problems on the c-file.}
) 10.Nxd5 exd5 {It seems that the bishop won't have much of a future at}
{b7, but now it can easily move out along the c8-h3} {diagonal.}
11.Rc1 {It still makes sense for White to work along the c-file.}
{Hiwever, Bloack will be able to advance the pawn from} {c7 to c5, where it can be well supported.}
Be6 {This looks like a passive position for the bishop, but for}
{the moment it defends the pawn and allows Blackl to get} {a rook to c8. Black could have gotten queens off the}
{board with 11...Qb4+ 12.Qd2 Qxd2+ 13.Kxd2 but that} {endgame is miserable for Black because of pressure on}
{the c-file, a more central king and much more useful} {bishop.}
{} 12.Qa4 c5 13.Qa3 {White pins the pawn at c5, adding to the pressure. Black}
{is prepared, however,.} Rc8 14.Bb5 {Fischer uses the plan designed by the Soviet star}
{Semyon Furman. It is not really superior to simply placing}
{the bishop at e2. At b5, it can be chased away by ...a6.} {Black should be careful about the timing of the move,}
{however.} a6 {A bit too automatic. Spassky needed to be a bit bolder.}
( 14...Qb7 {!} {is the correct move. It is a pawn sacrifice, introduced}
{the following year in a game between Jan Timman and} {Yefim Geller in the Dutch town of Hilversum.}
15.dxc5 bxc5 16.Rxc5 Rxc5 17.Qxc5 Na6 {Black has a strong initiative, and White's game quickly}
{fell apart.} ) 15.dxc5 bxc5 16.O-O {White finally castles, but late castling is typical in the old}
{Queen's Gambits because Black has no way of getting} {at White's king early in the game.
}
{We now have the famous "hanging pawn" position.} {Black's pawns are not easy to defend, because there}
{are no neighboring pawns to help out. At the same time,} {however, they control four very important squares and}
{limit White's scope of operations in the center of the} {board. Such unbalanced pawn structures have both}
{strengths and weaknesses. It is important to know how} {to handle these positions, but it is a rather advanced}
{topic. You'll see a few of the main ideas illustrated in this}
{game.} {} Ra7 {?!} {In some ways, this is a very natural move, unpinning the}
{a-pawn and allowing the rook to get to the center. This} {plan turns out to be insufficent to obtain equality for}
{Black.} ( 16...Qa7 {!?} 17.Ba4 a5 {!} 18.Qb3 Nd7 19.Bxd7 Qxd7
{is correct, as was later demonstrated in Makarychev vs.} {Sturua, played at the "Spartakiad" in  Moscow 1979.}
) 17.Be2 Nd7 {This is actually the first new move of the game!}
( 17...a5 18.Rc3 Nd7 19.Rfc1 Re8 20.Bb5 Bg4 21.Nd2 d4 22.exd4
cxd4 23.Qxe7 Rxe7 24.Rc8+ {gave White a great position in the game Furman}
{vs. Geller, Moscow 1970. So Bobby was putting the} {"enemy" Russian ideas to good use!}
) 18.Nd4 {!} {
Fischer exploits the pin on the c-pawn to bring the knightto a powerful
position. It can later go to b3, adding yetanother attacker to the battle at c5.}
{} Qf8 {The queen retreats so that she is defended. Both of}
{White's pins are broken, now that the rook at c8 is} {defended, too.}
( 18...Nf6 {was the consensus choice of the analysts after the
}
{game. Former World Champion Mikhail
} {Tal contributed to the discussion.}
19.Nb3 Nd7 20.Rc3 {was evaluated by Tal as better for White.} )
19.Nxe6 fxe6 20.e4 {!} {The moment of truth has arrived. The pressure on the}
{pawns has built to the point where one of them simply} {must move forward. This is what the holder of hanging}
{pawns hates most. The pawns should only be advanced} {at the proper time, when the advance has a great}
{effect. Once one pawn advances, it's companion is leaft} {as a backward pawn, which is usually very weak. So by}
{forcing one of the pawns to move forward, Fischer gains} {a position and a psychological victory.}
{} d4 {?} {The wrong choice. True, leaving the pawns in place}
{would lead to trouble, but it was the c-pawn which} {should have stepped forward.}
( 20...dxe4 {leaves both e-pawns very weak. White's bishop can use}
{the extra space.} 21.Qe3 {!} Qf5 22.Rc4 Nf6 23.Rfc1 Rac7 24.R1c2
{followed by ...Qc1, and soon both the c-pawn and} {a-pawn will fall.}
) ( 20...c4 {was best, though White would still have a lot of pressure}
{after} 21.Qh3 Qf7 22.Bg4 Re8 23.exd5 exd5 24.Rfe1 Rxe1+ 25.Rxe1
Nf8 {as analyzed by Tal.} ) 21.f4 {White has a substantial advantage. The White pawns,}
{which are easily supported, are strong. Black now} {suffers from a backward pawn at c5.}
Qe7 22.e5 {!} Rb8 {
The best chance. White is prevented from playing Qb3, pinning the pawn at e6
and creating the threat of advancing the f-pawn to f5.} 23.Bc4
{!} {One backward pawn is blockaded and another is pinned.} {In addition, a third week pawn is attacked! Quite an}
{achievement for a single move!} {} Kh8 ( 23...Nb6 {03On}
{White would have been able to obtain a great game with} 24.Qb3
{Tal pointed out that this is much stronger than grabbing the weakling at c5, though that would also be in White's favor.}
) 24.Qh3 Nf8 {If Black captures at b2, he finds himself in a lost endgame.}
( 24...Rxb2 25.Qxe6 {!} Qxe6 26.Bxe6 {Black's connected passed pawns are easy to stop. For}
{example,} d3 27.Rfd1 d2 28.Ra1 ) 25.b3 a5 26.f5 {The opening of the f-file spells doom for Black.}
{} exf5 27.Rxf5 Nh7 {Spassky sets a little trap. If Bobby infiltrates with the}
{rook, then 28...Ng5 will be an embarrassing fork. In} {addition, if the pawn advances to e6, Spassky can plant}
{the knight at f6 and set up a solid defense.} 28.Rcf1 {Bobby doesn't fall for such tricks. He knows that Black's}
{position is so passive, and the pawns are so weak, that} {he can patiently build up the position.}
{!} Qd8 29.Qg3 Re7 30.h4 {!} {This takes away the only square available to the knight,}
{which is now in total exile on the rim.} {} Rbb7 31.e6
Rbc7 32.Qe5 Qe8 ( 32...d3 33.R5f3 d2 34.Rd3 {would also have put an end to Spassky's hopes.}
) 33.a4 {!} {Black is running out of moves.} Qd8 34.R1f2 Qe8
35.R2f3 Qd8 36.Bd3 Qe8 37.Qe4 {!} {This sets up a nasty checkmating trick at h7. The game}
{is effectively over.} Nf6 {
} {} 38.Rxf6 {!} gxf6
39.Rxf6 {It is fitting that the point of this exchange sacrifice is to
}
{further weaken Black's pawns! Since these pawns guard
}
{ the king, it is easy for Fischer to finish him off.} Kg8 40.Bc4
Kh8 41.Qf4 {Black resigned. Checkmate can't be postponed for}
{more than 8 moves. White doesn't even have to go after} {the h-pawn, but can just set up unstoppabe threats by}
{playing Qe5.} {} { } 1-0

[Event "Interzonal"]
[Site "Sousse (Tunisia)"]
[Date "1967.10.24"]
[Round "7"]
[White "Bobby Fischer (USA)"]
[Black "Leonid Stein (RUS)"]
[Result "1-0"]
[WhiteElo "2760"]
[BlackElo "2605"]
[Annotator "Eric Schiller"]
[Source ""]
[Remark "Chess Informant Prize"]

1.e4 e5 2.Nf3 Nc6 3.Bb5 a6 4.Ba4 Nf6 5.O-O Be7 6.Re1 b5 7.Bb3
d6 8.c3 O-O 9.h3 {
This is the standard position of the Spanish Inquisition. White keeps the enemy
bishop off of g4, so that the knight at f3 will not be pinned. This means that
the coming advance to d4 will have plenty of support.} {}
Bb7 {This move came as a bit of a surprise, since it was, at the time, a very rare
continuation. Then, moving the knight to a5, the traditional Chigorin plan, was
still the main line. However, Stein had played the White side of the line the
previous year, and there were well known encounters between Grandmasters that
enabled both players to be somewhat familiar with it.
}
{Eventually, Black's plan with ...Bb7 paired with ...Re8 would become the main line.}
10.d4 Na5 {Moving the rook to e8 is the modern handling of the position. Black has also tried ...Qd7 here.}
11.Bc2 Nc4 {
This plan has the knight hopping all over the board. In fact, Black's got more
pieces developed than White, and the loss of time tranferring the knight,
eventually to d7, is not significant. However, given Black's intentions, it
would have been easier to use Breyer's plan 9...Nb8 and get the knight there
directly. Still, at the time, the plan used in this game was undergoing a
number of tests, and White had not been particularly successful against it.}
12.b3 Nb6 13.Nbd2 Nbd7 {
Black's position makes a solid impression. The basic strategy is to play ...c5,
perhaps after puitting a rook at c8. Fischer decides to discourage that plan.}
( 13...exd4 14.cxd4 c5 {was recommended by Fischer as  a more active plan.}
) 14.b4 {!} {This move creates a backward pawn at c4, but Fischer plans to eliminate it by advancing to c4 after a preliminary Bb2.}
{} exd4 ( 14...a5 15.Nb3 $14 ) 15.cxd4 {
Black has given up the central pawn which anchored his center, and allows
Fischer to establish the ideal pawn center with pawns at e4 and d4. Stein could
have, and should have, challenged this center immediately with ...c5.}
a5 {The pawn at b4 is deflected by a temporary pawn sacrifice. Still, this was perhaps not the best plan for Black.}
( 15...c5 16.bxc5 dxc5 17.d5 {
was dismissed by Fischer claimiing that "White's steamroller in the center is
more formidable than Black's queenside majority". Many years later, this evaluation was tested.}
Re8 18.Nf1 Bd6 19.Ng3 {
There doesn't seem to be anything better, though of course we don't have
analysis from Fischer or other Grandmasters to help evaluate the position.}
Bxg3 20.fxg3 c4 21.Kh2 Rc8 {gave Black a strong queenside inititiave in a correspondence game Hoszowski vs.  Cimicki, 1993.}
) 16.bxa5 c5 {!} ( 16...Rxa5 {is not appropriate because of}
17.d5 c5 18.dxc6 Bxc6 19.Nd4 {with a dominating position for White.} )
17.e5 {!} {Fischer improves on the simple fianchetto of the bishop, seen in Ciric vs. Robatsch, from the same year.}
{} dxe5 ( 17...Ne8 {!?} {
looks passive but the idea is to actively confront White's central pawns. The
great pawn structure theoretician Hans Kmoch wondered whether Black might run
into trouble on the queenside, where the b-pawn is weak and  White's pawn at a5 might not be removed.}
18.exd6 Bxd6 19.Ne4 {gives White a clear initiative, without the counterplay that Black is able to achieve in the game.}
) 18.dxe5 Nd5 {Now Black's other knight gets to go on a bit of a journey.}
19.Ne4 Nb4 {!} {
Black must play as actively as possible on the queenside. Although White's
kingside attack is not yet underway, you can see the storm clouds gathering.
The knights have central positions not far from the enemy king. White's Spanish
bishop at c2 aims at h7. The dark square bishop is ready to deploy and the rook
at e1 can be lifted to the third rank and transfered to the g-file. Black can
not sit back and watch while the attack develops.} 20.Bb1 Rxa5
{Black has recovered the pawn and has pressure at a2. If the a-pawn falls, White
will find it difficult to stop the advancing Black pawns. On the other hand,
all this is taking place in the distant regions of the queenside, and Fischer
isn't really concerned with that part of the board.} 21.Qe2 {!}
{} Nb6 {?} {One knight move too many. It was time for Stein to start thinking about the kingside.}
( 21...Re8 {!} {
was the correct move. The the knight, instead of wandering to the queenside,
could have been tucked away at f8 to defend the critical h7 square. Fischer
acknowledged that after this move he would not have had any advantage. The real question is, would he even have had equality.}
22.Rd1 {is countered by} ( 22.e6 {is a try but Fischer pointed out that Black can defend with}
fxe6 23.Neg5 Bxg5 24.Nxg5 Nf8 25.Qh5 g6 ) Qc7 {according to Fischer, but}
23.Neg5 {is not refuted by} Bxg5 ( 23...Nf8 {!} 24.Bb2 h6 25.Ne4
Nd5 {demonstrates the correct use of the knights. I think that White has less than
nothing in this position, and Black has all the winning chances.} )
24.Nxg5 Nxe5 25.Bxh7+ Kf8 {as some have thought because} 26.Qh5
Rxa2 27.Rxa2 Nxa2 28.Bb2 {gives White an overwhelming attack.} )
22.Nfg5 {White's knights and long-range bishops are poised for the kill. Black's forces
are merely offside. The knights on the b-file would require many moves to
reposition themselves for defense of the kingside. White's bishops at c1 and
b1, on the other hand, are ready to take an active role in the battle.}
{} Bxe4 {!} {The only move to keep Black in the game, or so Fischer thought.}
( 22...h6 23.Nh7 {!} {is crushing. For example} Re8
( 23...Kxh7 {?} 24.Nxc5+ Kg8 25.Nxb7 {forks the queen and rook.} )
24.Nhf6+ {!} Bxf6 ( 24...gxf6 {leads to a pretty checkmate.}
25.Qg4+ Kh8 26.Nd6 {!} Bxd6 27.Qf5 Kg7 28.Bxh6+ Kxh6 29.Qh7+
Kg5 30.f4+ Kxf4 31.Qh4# ) 25.Nxf6+ gxf6 ( 25...Qxf6 {
looks like a nice trick, because the queen cannot be captured thanks to the pin
on the e-file, but counting pieces reveals that after} 26.exf6
Rxe2 27.Rxe2 {Black is down the exchange with checkmate threatened on the back rank.}
) 26.Qg4+ Kf8 27.Bxh6+ Ke7 {
Here White doesn't play the "obvious" discovered check by capturing at f6, but
instead prepares to play e6, after taking away d6 as a flight square with}
28.Bf4 {!} ) ( 22...g6 {gets ripped apart by} 23.e6 {!} f5 24.Nf7
{!} {Fischer notes that White plans Bb2 "with a crushing attack". It isn't quite that simple. After}
Qd5 25.Bb2 Rfa8 {!} {It is hard to see anything special for White.} )
23.Qxe4 {} g6 24.Qh4 h5 25.Qg3 {!} {Fischer has provoked weaknesses in the Black defensive formation and is ready to unleash tricks at e6.}
Nc4 {!} ( 25...Bxg5 26.Bxg5 Qd4 27.Bf6 {!} {leads to deestruction on the dark squares. Black can't take the rook.}
Qxa1 {?} {is demolished by the beautiful} 28.Bxg6 {!} Qxe1+ 29.Kh2
{and it is mate in 4.} ) 26.Nf3 {?!} {
This is an inaccurate move order. Fischer attributes this to a power failure
that knocked out the lights as he was considering is move. Fischer should have pushed the e-pawn right away!}
( 26.e6 {!} f5 27.Nf3 {was correct. He gives the following line:}
Kg7 ( 27...Rf6 {?} 28.Bg5 Kh7 29.Bxf6 Bxf6 {looks like it regains the exchange down at a1, but White has a trick.}
30.Bxf5 {!} gxf5 31.Rad1 {followed by Rd7+.} ) 28.Qf4 Rf6 {
Fischer points out that after ...Rh8 play would transpose to the game, without
allowing Stein to adopt the defense that he overlooks in his reply.} )
Kg7 {?} {} ( 26...Nd3 {!} {
was overlooked by Stein but this would have thrown a monkey wrench into
Fischer's plans. Fischer said he was worrying about this during the power failure, after he made his move.}
27.Bxd3 {!} ( 27.Rd1 {?} Nxc1 28.Rxd8 Ne2+ 29.Kh2 Rxd8 {!} {
and White's queen remains trapped! Fischer's comment that "White has nothing"
after Black captures at c1 is quite an understatment. In fact, White loses in this line.}
) Qxd3 28.Bg5 {was what Fischer eventually came up with. There is a lot of pressure on the dark squares, for example}
Re8 29.Bxe7 Rxe7 30.Qg5 Re6 31.Rad1 Qf5 32.Qh6 {!} ) 27.Qf4 Rh8
{!} {A good defensuive strategy. Black just needs one or two moves to eliminate any
danger of White pushing the pawn to e6. The other rook can drop back to a6 and
the queen can come to d7. So Fischer realizes that he must strike immediately!}
{} 28.e6 {!} f5 {?} {A poor choice, because White's passed pawn is too strong. There was a much better plan available.}
( 28...Bf6 {!} {was correct. White would have a tough time winning, according to Fischer, who provided the following analysis.}
29.exf7 Bxa1 30.f8Q+ ( 30.Re8 Rxe8 31.Qh6+ Kxf7 32.Qxg6+ Ke7
33.Bg5+ Kd7 {leaves the Black king exposed and wins the queen, but after}
34.Bxd8 Rxd8 {
Black has two rooks and a knight for queen and pawn. White can pick off a weak
pawn or two, but doesn't have enough force to win in the middlegame.} )
Qxf8 31.Qc7+ Kg8 32.Bxg6 Nd5 33.Qb7 Nf6 34.Bf4 Rh7 {!} {, meeting the threat of Ng5 followed by Bf7+.}
35.Bxh7+ Nxh7 36.Qd5+ Qf7 37.Qxf7+ Kxf7 38.Rxa1 {White has an extra pawn and advantage of bishop against knight, but the a-pawn is weak and Black has a strong passed c-pawn.}
) 29.Bxf5 {!} {A demolition sacrifice that must be declined.}
{} Qf8 {!} ( 29...Bd6 {gets busted by} 30.e7 {!} )
( 29...gxf5 30.Qg3+ Kh7 ( 30...Kf8 31.Qg6 Qe8 32.Bh6+ Rxh6 33.Qxh6+
Kg8 34.Ng5 Bxg5 35.Qxg5+ Kh7 36.Rad1 {and Black has no defense.} )
31.Ng5+ Bxg5 32.Bxg5 Qd3 {tries to get queens off but} 33.Qc7+
Kg6 34.Qf7+ {!} Kxg5 35.Qg7+ Kf4 36.Qxh8 {and although material is even, Black can resign. The immediate threat is Qh6#.}
) 30.Be4 {?!} {There was a better way, pointed out by the British master Paul Littlewood. Fischer's move is good enough, however.}
( 30.Nh4 {!} {would have been more effecgive. Black still can't eat the piece without suffering indigestion.}
Bxh4 31.Qxh4 Qxf5 32.Qe7+ Kg8 33.Qd8+ Kg7 34.Qc7+ Kg8 35.e7 {and the passed pawn has a clear path to its promotion.}
) Qxf4 31.Bxf4 {} Re8 {?} ( 31...Rxa2 {!} {The bold capture offers the best chance of survival.}
32.Rxa2 Nxa2 33.Ne5 {looks strong, because the knight at e5 can't safely be captured. But Black has a surprising resource.}
g5 {!} 34.Bg3 Nb4 35.Nxc4 bxc4 36.Be5+ Bf6 37.Bd6 Re8 38.Bxc5
Nd3 39.Bxd3 cxd3 {is clearly better for White, but not at all easy to win.}
) 32.Rad1 Ra6 33.Rd7 {
Occupying the seventh rank usually proves deadly, and it is a good enough plan,
though Fischer could have been a bit more precise.}
( 33.Bb7 Ra7 34.Rd7 {would have been more efficient.} ) Rxe6
34.Ng5 Rf6 35.Bf3 {!} Rxf4 {Black has nothing better than to give up the exchangel}
36.Ne6+ Kf6 37.Nxf4 Ne5 38.Rb7 Bd6 39.Kf1 Nc2 40.Re4 Nd4 41.Rb6
Rd8 42.Nd5+ Kf5 {The game was adjourned here, and Fischer finished it off effectively when it was resumed.}
{} 43.Ne3+ Ke6 44.Be2 Kd7 45.Bxb5+ Nxb5 46.Rxb5 Kc6 47.a4
Bc7 48.Ke2 g5 49.g3 Ra8 50.Rb2 Rf8 51.f4 gxf4 52.gxf4 Nf7 53.Re6+
Nd6 54.f5 Ra8 55.Rd2 Rxa4 56.f6 {Black resigned before Fischer could plant the knight at d5.}
{} {} 1-0